Statistics for Most-Visited Countries by Russian Presidents

Click here to take the quiz!

General Stats

  • This quiz has been taken 78 times
  • The average score is 18 of 21

Answer Stats

# of Visits Country % Correct
10United Kingdom
100%
18United States
97%
28Germany
96%
24China
96%
23Ukraine
96%
40Kazakhstan
92%
22France
92%
17Italy
92%
28Belarus
91%
9Japan
88%
12India
88%
8Armenia
82%
11Finland
82%
11Uzbekistan
82%
10Azerbaijan
82%
14Turkey
81%
14Tajikistan
81%
9Turkmenistan
81%
13Kyrgyzstan
77%
7Belgium
65%
8Vatican City
27%

Score Distribution

Percentile by Number Answered

Percent of People with Each Score

Your Score History

You have not taken this quiz